书目信息 |
| 题名: |
化学纤维针织品
|
|
| 作者: | ;上海针织品采购供应站 编写 | |
| 分册: | ||
| 出版信息: | 北京 中国财政经济出版社 1979 |
|
| 页数: | 95页 | |
| 开本: | 19cm | |
| 丛书名: | ||
| 单 册: | ||
| 中图分类: | F768.1 | |
| 科图分类: | ||
| 主题词: | 化学纤维织品:商品 , 商品:化学纤维织品 | |
| 电子资源: | ||
| ISBN: | ||
| 000 | 00703nam0 2200241 45 | |
| 001 | 0179007814 | |
| 005 | 20060810164126.35 | |
| 010 | @dCNY0.28 | |
| 091 | @aCN@b15166.036 | |
| 100 | @a19950714d1979 em y0chiy0121 ea | |
| 101 | 0 | @achi |
| 102 | @aCN@b110000 | |
| 105 | @ay z 000yy | |
| 200 | 10 | @a化学纤维针织品@Ahua xue xian wei zhen zhi pin@f上海针织品采购供应站编写 |
| 210 | @a北京@c中国财政经济出版社@d1979 | |
| 215 | @a95页@d19cm | |
| 300 | @a商品知识 | |
| 606 | @a化学纤维织品:商品 | |
| 606 | @a商品:化学纤维织品 | |
| 690 | @aF768.1@v3 | |
| 711 | 02 | @a上海针织品采购供应站@Ashang hai zhen zhi pin cai gou gong ying zhan@4编写 |
| 801 | 0 | @aCN@bTSSF@c20060810 |
| 905 | @a10447@dF768.1@e18 | |
| 化学纤维针织品/上海针织品采购供应站编写.-北京:中国财政经济出版社,1979 |
| 95页;19cm |
| 商品知识 |
| ISBN :CNY0.28 |
| ● |
| 相关链接 |
|
|
|
|
正题名:化学纤维针织品
索取号:F768.1/18
 
预约/预借
| 序号 | 登录号 | 条形码 | 馆藏地/架位号 | 状态 | 备注 |
| 1 | 0448503 | 204485039 | 密集书库/ [索取号:F768.1/18] | 在馆 |